<?xml version="1.0" encoding="UTF-8"?><?xml-stylesheet type="text/xsl" href="static/style.xsl"?><OAI-PMH xmlns="http://www.openarchives.org/OAI/2.0/" xmlns:xsi="http://www.w3.org/2001/XMLSchema-instance" xsi:schemaLocation="http://www.openarchives.org/OAI/2.0/ http://www.openarchives.org/OAI/2.0/OAI-PMH.xsd"><responseDate>2026-06-29T09:37:11Z</responseDate><request verb="GetRecord" identifier="oai:docta.ucm.es:20.500.14352/108069" metadataPrefix="marc">https://docta.ucm.es/rest/oai/request</request><GetRecord><record><header><identifier>oai:docta.ucm.es:20.500.14352/108069</identifier><datestamp>2025-03-18T14:11:51Z</datestamp><setSpec>com_20.500.14352_1</setSpec><setSpec>col_20.500.14352_4</setSpec></header><metadata><record xmlns="http://www.loc.gov/MARC21/slim" xmlns:dcterms="http://purl.org/dc/terms/" xmlns:xsi="http://www.w3.org/2001/XMLSchema-instance" xmlns:doc="http://www.lyncode.com/xoai" xsi:schemaLocation="http://www.loc.gov/MARC21/slim http://www.loc.gov/standards/marcxml/schema/MARC21slim.xsd">
   <leader>00925njm 22002777a 4500</leader>
   <datafield ind2=" " ind1=" " tag="042">
      <subfield code="a">dc</subfield>
   </datafield>
   <datafield ind2=" " ind1=" " tag="720">
      <subfield code="a">Cardete Del Olmo, María Cruz</subfield>
      <subfield code="e">author</subfield>
   </datafield>
   <datafield ind2=" " ind1=" " tag="720">
      <subfield code="a">Valdés Guía, Miriam Amparo</subfield>
      <subfield code="e">author</subfield>
   </datafield>
   <datafield ind2=" " ind1=" " tag="720">
      <subfield code="a">Mauro, Chiara María</subfield>
      <subfield code="e">author</subfield>
   </datafield>
   <datafield ind2=" " ind1=" " tag="720">
      <subfield code="a">Espinosa Espinosa, David</subfield>
      <subfield code="e">author</subfield>
   </datafield>
   <datafield ind2=" " ind1=" " tag="720">
      <subfield code="a">García Cardiel, Jorge</subfield>
      <subfield code="e">author</subfield>
   </datafield>
   <datafield ind2=" " ind1=" " tag="720">
      <subfield code="a">Chapinal Heras, Diego</subfield>
      <subfield code="e">author</subfield>
   </datafield>
   <datafield ind2=" " ind1=" " tag="720">
      <subfield code="a">Arroyo Cambronero, Ana</subfield>
      <subfield code="e">author</subfield>
   </datafield>
   <datafield ind2=" " ind1=" " tag="720">
      <subfield code="a">Moreno Conde, Margarita</subfield>
      <subfield code="e">author</subfield>
   </datafield>
   <datafield ind2=" " ind1=" " tag="720">
      <subfield code="a">Castellano, María Ángeles</subfield>
      <subfield code="e">author</subfield>
   </datafield>
   <datafield ind2=" " ind1=" " tag="720">
      <subfield code="a">Cruz Mora, Mar</subfield>
      <subfield code="e">author</subfield>
   </datafield>
   <datafield ind2=" " ind1=" " tag="720">
      <subfield code="a">González-Casanova Ávila, Ana María</subfield>
      <subfield code="e">author</subfield>
   </datafield>
   <datafield ind2=" " ind1=" " tag="720">
      <subfield code="a">Rendón Fiuza, Manuel</subfield>
      <subfield code="e">author</subfield>
   </datafield>
   <datafield ind2=" " ind1=" " tag="720">
      <subfield code="a">Molina Bustos, Jorge</subfield>
      <subfield code="e">author</subfield>
   </datafield>
   <datafield ind2=" " ind1=" " tag="720">
      <subfield code="a">Noya Velazco, Danny</subfield>
      <subfield code="e">author</subfield>
   </datafield>
   <datafield ind2=" " ind1=" " tag="720">
      <subfield code="a">González Casado, Juan</subfield>
      <subfield code="e">author</subfield>
   </datafield>
   <datafield ind2=" " ind1=" " tag="720">
      <subfield code="a">Gómez Antón, Alejandro</subfield>
      <subfield code="e">author</subfield>
   </datafield>
   <datafield ind2=" " ind1=" " tag="720">
      <subfield code="a">Rodríguez Moreno, Danae</subfield>
      <subfield code="e">author</subfield>
   </datafield>
   <datafield ind2=" " ind1=" " tag="720">
      <subfield code="a">Blanco Da Silva, María Angelica</subfield>
      <subfield code="e">author</subfield>
   </datafield>
   <datafield ind2=" " ind1=" " tag="260">
      <subfield code="c">2024</subfield>
   </datafield>
   <datafield ind2=" " ind1=" " tag="520">
      <subfield code="a">Este proyecto (ApS 2023-2024) parte del PIMCD 2019 y de los PIMCD-ApS 2020, 2021, 2022 y 2023. Este año hemos mantenido algunas de las claves de éxito de las ediciones anteriores (interrelación entre los alumnos del Grado de Historia de la UCM y las personas con diversidad funcional del ASPIMIP de Coslada; potenciación de la concienciación social; utilización de herramientas educativas para construir tejido social) e introducimos otras que creemos importantes para mejorar el proyecto de aprendizaje (fortalecimiento del papel de los mentores en la enseñanza de igual a igual, colaboración con la Asociación Clara Campoamor, nuevo espacio cultural en el Parque de El Capricho). A través de talleres y visitas guiadas temáticas en el Museo Arqueológico Nacional y el Parque de El Capricho organizadas por grupos mixtos de estudiantes del Grado de Historia de la UCM y de la Fundación ASPIMIP hemos intentado introducir en la historia y la cultura del mundo clásico a población mayor y a población con diversidad funcional de los municipios de Coslada y San Fernando, construyendo para ellos un discurso histórico explicativo y actividades de trabajo y profundización dinámicas e interactivas.
Los objetivos del proyecto han sido los siguientes:
1.	Acercar a la historia antigua y a la cultura clásica a población mayor y con diversidad funcional de los municipios de Coslada y San Fernando, guiándolos de forma interactiva por las instalaciones y recursos del Museo Arqueológico Nacional y del Parque de El Capricho construyendo para ellos un discurso histórico explicativo.
2.	Ser capaz de construir discursos históricos, artísticos y culturales en el presente para explicar el pasado a personas con grados de conocimiento histórico muy diversos. 
3.	Impulsar principios colaborativos entre alumnos universitarios y personas con diversidad funcional con un fin social, muy enfocado en la necesidad de construir tejido cívico en tiempos convulsos.
4.	Promover la inclusión de personas con diversidad funcional en los procesos de construcción del conocimiento.
5.	Poner en valor la importancia de la educación universitaria y su capacidad de adaptación y flexibilización. Contamos para ello con la colaboración del Museo Arqueológico Nacional, el Parque de El Capricho y con la experiencia de los cursos anteriores.</subfield>
   </datafield>
   <datafield ind1="8" ind2=" " tag="024">
      <subfield code="a">https://hdl.handle.net/20.500.14352/108069</subfield>
   </datafield>
   <datafield ind2="0" ind1="0" tag="245">
      <subfield code="a">Memoria de proyecto "Aprendizaje servicio e Historia Antigua: conexiones intergeneracionales en torno al Mundo Clásico"</subfield>
   </datafield>
</record></metadata></record></GetRecord></OAI-PMH>